000
00364nam a2200133Ia 4500
008
231129s9999||||xx |||||||||||||| ||spa||
020
_a
950-15-1387-4
040
_b
spa
082
_a
658.8 C587r
100
_a
Clancy Kevin J.
245
0
_a
La revolución del marketing
264
_a
Javier Vergara Editor
942
_2
ddc
_c
BKS
999
_c
18131
_d
18131